00468nam a2200157Ia 450000500170000000800410001708200130005810000190007124500110009026000350010130000200013650000340015694200060019095200990019699900150029520250405122343.0240331s9999 xx 000 0 und d bSOMa894 aSomakandhan, N 0aAhuthi aJaffnabMallikai Panthalc1986 aXviil, 124 p ., aA Collection of Short Stories cL 001040708LaWERCLbWERCLcSSCd2024-03-31l0o 894.811 SOMp2386r2024-03-31w2024-03-31yL c4126d4126